000 00741nam a2200253Ia 4500
003 OSt
005 20250725121211.0
008 210210b2012 xxu||||| |||| 00| 0 eng d
040 _cAL
041 _aKannada
082 _aK894.8 AMUV
100 _aAMURA (G S) Ed
_dಅಮೂರ (ಜಿ ಎಸ್)
_9220111
245 _aV C avara belebaluva barahagalu
_bವಿ ಸಿ ಅವರ ಬೆಲೆಬಾಳುವ ಬರಹಗಳು
260 _aBengaLuru
_bVasanta Prakashana
_c2012
300 _axxii,243
650 _aVi
_9220112
650 _asi
_9220113
650 _abelebALuva
_9220114
650 _abarahagaLu
_9220115
650 _aavara
_9220116
690 _aKannada Collections
_9220117
906 _a067341
942 _2ddc
_cBK
999 _c149670
_d149670